PHARMACEUTICAL DOSAG FORMS : PARENTERAL MEDICATION VOL-2 FACILITY DESIGN,STERILIZATION AND PROCESSING (Record no. 8282)

MARC details
000 -LEADER
fixed length control field 00527nam a22001817a 4500
005 - DATE AND TIME OF LATEST TRANSACTION
control field 20230403160757.0
008 - FIXED-LENGTH DATA ELEMENTS--GENERAL INFORMATION
fixed length control field 230401b |||||||| |||| 00| 0 eng d
020 ## - INTERNATIONAL STANDARD BOOK NUMBER
ISBN 978-1420086454
041 ## - LANGUAGE CODE
Language code of text/sound track or separate title eng
082 ## - DEWEY DECIMAL CLASSIFICATION NUMBER
Classification number 615.19 NEM-P
100 ## - MAIN ENTRY--AUTHOR NAME
Personal name NEMA,SANDEEP AND LUDWIG, JOHN D.
245 ## - TITLE STATEMENT
Title PHARMACEUTICAL DOSAG FORMS : PARENTERAL MEDICATION VOL-2 FACILITY DESIGN,STERILIZATION AND PROCESSING
250 ## - EDITION STATEMENT
Edition statement 3rd ed.
260 ## - PUBLICATION, DISTRIBUTION, ETC. (IMPRINT)
Name of publisher INFORMA
300 ## - PHYSICAL DESCRIPTION
Number of Pages 396;P.
650 ## - SUBJECT ADDED ENTRY--TOPICAL TERM
Topical Term PHARMACY
General subdivision B. PHARMA
942 ## - ADDED ENTRY ELEMENTS (KOHA)
Koha item type Books
Holdings
Lost status Damaged status Collection code Home library Current library Shelving location Date acquired Source of acquisition Cost, normal purchase price Full call number Accession Number Koha item type
    Reference JRU Library JRU Library SHELF-3-A 27/03/2023 LOHIA BOOK INTERNATIONAL 16995.00 615.19 NEM-P 27669 Books